000 01192pam a2200313 a 4500
999 _c5633
_d5633
003 OSt
005 20220426072031.0
008 940826s1995 enka 001 0 eng c
020 _a0750614846
020 _a0750627719 (ButterworthHeinemann international ed.)
040 _cALUPE UNIVERSITY COLLEGE
050 0 0 _aRD93
_b.B32 1995
060 1 0 _aWO 700 H217 1995
245 0 0 _aHamilton Bailey's emergency surgery.
250 _a12th ed. /
_bedited by B.W. Ellis ; special editorial assistance given by S. Paterson-Brown.
260 _aOxford ;
_aBoston :
_bButterworth-Heinemann,
_cc1995.
300 _axiv, 866 p. :
_bill. ;
_c29 cm.
500 _aPrev. ed. cataloged under: Bailey, Hamilton, 1894-.
500 _aIncludes index.
650 0 _aSurgical emergencies.
650 1 2 _aEmergencies.
650 1 2 _aSurgery, Operative.
700 1 _aEllis, B. W.
_q(Brian W.)
700 2 _aPaterson-Brown, Simon.
700 1 _aBailey, Hamilton,
_d1894-1961.
_tHamilton Bailey's emergency surgery.
906 _a7
_bcbc
_corignew
_d1
_eocip
_f19
_gy-gencatlg
942 _2lcc
_cBK
_nPW